LIBRARY & INFORMATION CENTRE, KCAET, TAVANUR

ONLINE PUBLIC ACCESS CATALOGUE (OPAC)

Arabin Kathakal-Part VI / (Record no. 3909)

MARC details
000 -LEADER
fixed length control field 00394cam a2200157ua 4500
041 ## - LANGUAGE CODE
Language code of text/sound track or separate title mal
082 ## - DEWEY DECIMAL CLASSIFICATION NUMBER
Classification number 894.812 308
Item number MAN/AR
100 ## - MAIN ENTRY--AUTHOR NAME
Personal name Mannummood, C J .
245 ## - TITLE STATEMENT
Title Arabin Kathakal-Part VI /
250 ## - EDITION STATEMENT
Edition statement 1 /
260 ## - PUBLICATION, DISTRIBUTION, ETC. (IMPRINT)
Place of publication Trivandurm :
Name of publisher Balan Publications ,
Year of publication 1965.
300 ## - PHYSICAL DESCRIPTION
Number of Pages 68 ; .
942 ## - ADDED ENTRY ELEMENTS (KOHA)
Koha item type Books
Holdings
Withdrawn status Lost status Damaged status Home library Current library Date acquired Full call number Accession Number Koha item type Public note
Withdrawn     KAUAET KAUAET 06/02/2021 894.812 308 MAN/AR 8437 Books  
Withdrawn     KAUAET Malayalam University 07/04/2012 894.812 308 8436 Books Transferred to Malayalam University
free website counter